|
|
แสดงรายละเอียดบรรณานุกรม |
|
|
Brief Record
: Get Marc (ISO 2709)
: E-mail record
: |
|
|
|
| LEADER 00000nam 2200000uu 4500 | |||
| 001 209803 | |||
| 003 ULIBM | |||
| 008 140512s2555||||th 000 0 tha d | |||
| 020 ^a9786163050373 | |||
| 040 ^abcnkk | |||
| 041 0 ^atha | |||
| 050 4 ^aWQ551^bว323 2555 | |||
| 100 0 ^aวราลักษณ์ ยมะสมิต | |||
| 245 10 ^aLabor room :^bpocket bible /^cวราลักษณ์ ยมะสมิต, สุรสิทธิ์ ชัยทองวงศ์วัฒนา | |||
| 250 ^aพิมพ์ครั้งแรก | |||
| 260 ^aสมุทรสาคร :^bพิมพ์ดี,^c2555 | |||
| 300 ^a244 หน้า :^bภาพประกอบ | |||
| 650 7 ^aสตรีมีครรภ์^xการดูแล | |||
| 650 7 ^aการคลอด | |||
| 700 0 ^aสุรสิทธิ์ ชัยทองวงศ์วัฒนา | |||
| 999 ^aใช้งานได้ทุกระบบ | |||
| คุณยังไม่ได้ล็อกอิน คุณสามารถมีกิจกรรมร่วมกับเว็บไซต์ได้ แต่ต้องล็อกอินก่อน :: |
|
| สถานะ | |||||||||
| 1. | หนังสือทั่วไป | WQ551 ว323 2555 | On Shelf ขอยืม | ||||||
| Note:ปีงบประมาณ2557 | |||||||||
| 2. | หนังสือทั่วไป | WQ551 ว323 2555 ฉ.2 | On Shelf ขอยืม | ||||||
| Note:ปีงบประมาณ2557 | |||||||||
| 3. | หนังสือทั่วไป | WQ551 ว323 2555 ฉ.3 | On Shelf ขอยืม | ||||||
| Note:ปีงบประมาณ2557 | |||||||||
| 4. | หนังสือทั่วไป | WQ551 ว323 2555 ฉ.4 | On Shelf ขอยืม | ||||||
| Note:ปีงบประมาณ2557 | |||||||||
| 5. | หนังสือทั่วไป | WQ551 ว323 2555 ฉ.5 | On Shelf ขอยืม | ||||||
| Note:ปีงบประมาณ2557 | |||||||||
| 6. | หนังสือทั่วไป | WQ551 ว323 2555 ฉ.6 | On Shelf ขอยืม | ||||||
| Note:งบประมาณปี 2558 | |||||||||
| 7. | หนังสือทั่วไป | WQ551 ว323 2555 ฉ.7 | On Shelf ขอยืม | ||||||
| Note:งบประมาณปี 2558 | |||||||||
| 8. | หนังสือทั่วไป | WQ551 ว323 2555 ฉ.8 | On Shelf ขอยืม | ||||||
| Note:งบประมาณปี 2558 | |||||||||
| 9. | หนังสือทั่วไป | WQ551 ว323 2555 ฉ.9 | On Shelf ขอยืม | ||||||
| Note:งบประมาณปี 2558 | |||||||||
| 10. | หนังสือทั่วไป | WQ551 ว323 2555 ฉ.10 | On Shelf ขอยืม | ||||||
| Note:งบประมาณปี 2558 | |||||||||
| 11. | หนังสือทั่วไป | WQ551 ว323 2555 ฉ.11 | On Shelf ขอยืม | ||||||
| Note:งบประมาณปี 2558 | |||||||||
| 12. | หนังสือทั่วไป | WQ551 ว323 2555 ฉ.12 | On Shelf ขอยืม | ||||||
| Note:งบประมาณปี 2558 | |||||||||
| | |||||||||
BibComment |
| คอมเมนท์ทรัพยากรรายการนี้ |
|
|